Science Quiz

Random Science or Biology Quiz

Blood Donors Quiz Stats

 Plays Quiz Updated Dec 29, 2017

Score 0/8 Timer 01:00
0 Plays Today
Can Receive Red Cells from.. Blood Type % Correct
O+, O-O positive
95.8%
O-, A-, B-, AB-AB negative
79%
O+, O-, A+, A-A positive
75.7%
O-, B-B negative
70.1%
O-O negative
70.1%
O-, A-A negative
67.7%
All typesAB positive
65.3%
O+, O-, B+, B-B positive
55.3%

You're not logged in!

Compare scores with friends on all Sporcle quizzes.
OR
Log In

You Might Also Like...

Show Comments

Extras

Top Quizzes Today


Score Distribution

Your Account Isn't Verified!

In order to create a playlist on Sporcle, you need to verify the email address you used during registration. Go to your Sporcle Settings to finish the process.

Report this User

Report this user for behavior that violates our Community Guidelines.

Details: